Mort ou Vivant à la fin de The Walking Dead - Statistiques

Statistiques générales
  • Ce quiz a été pris 364 fois
  • Le résultat moyen est 26 sur 30
Statistiques - réponses
Hint Réponse % Correct
Glenn Mort
95%
Abraham Mort
93%
Merle Mort
93%
Le Gouverneur Mort
92%
Dale Mort
92%
Daryl Vivant
92%
Alpha Mort
91%
Beth Mort
91%
Shane Mort
91%
Lori Mort
91%
Andrea Mort
91%
Hershel Greene Mort
91%
Carol Vivant
91%
Sasha Mort
90%
Carl Mort
90%
Maggie Vivant
90%
Michonne Vivant
90%
Tara Mort
88%
Negan Vivant
88%
Jesus Mort
86%
Simon Mort
86%
Enid Mort
84%
Judith Vivant
84%
Rick Vivant
83%
Eugene Vivant
81%
Morgan Vivant
80%
Gabriel Vivant
79%
Rosita Mort
76%
Ezekiel Vivant
76%
Aaron Vivant
66%
Aucun quiz correspondant
Distribution des résultats
% des personnes avec chaque résultat
Percentile par nombre de réponses
Votre historique - résultats
Vous n’avez pas pris ce quiz